1383 1820 1424 1927 1638 1995 1214 1858 1213 1692 1401 1573 1081 1129 1694 1495 1154 1674 1815 1513 1111 1370 1998 1953 1187 1356 1884 1402 1289 1698 1740 1059 1507 1473 1333 1775 1494 1770 1373 1701 1367 1149 1986 1216 1082 1257 1107 1716 1051 1937 1175 1830 1857 1160 1322 1791 1918 1941 1490 1178 1071 1395 1754 1794 1301 1189 1442 1145 1618 1529 1166 1630 1258 1989 1728 1321 1603 1979 1829 1160 1502 1606 1367 1242 1057 1926 1089 1309 1125 1096 1464 1653 1134 1422 1403 1092 1932 1850 1451 BCNSPRNW ULIB Ver.6.0+V

เปลี่ยนเป็นภาษาไทย

Change to English
 แสดงรายละเอียดบรรณานุกรม
  กลับหน้าหลัก

Brief Record : Get Marc (ISO 2709) : E-mail record : QR code < ปิดหน้าต่าง
LEADER : 00000nam a2200000Ia 4500
001    13399114609
003     ULIB
008    100908s2553 th a 000 0 tha d
020    ^a9789742255954
060 04 ^aWM290^bผ227ก
100 0  ^aผ่องศรี ศรีมรกต
245 10 ^aการบำบัดทางเลือกเพื่อช่วยเลิกบุหรี่วิถีไทย :^bThai alternative therapy for tobacco cessation /^cผ่องศรี ศรีมรกต
246 31 ^aThai alternative therapy for tobacco cessation
250    ^aพิมพ์ครั้งที่ 1
260    ^aกรุงเทพฯ :^bเครือข่ายพยาบาลเพื่อต้านบุหรี่และสารเสพติดแห่งประเทศไทย คณะพยาบาลศาสตร์ มหาวิทยาลัยมหิดล,^c2553
300    ^a243 หน้า :^bภาพประกอบ ;^c21 ซม.
500    ^aSend to Single Search
504    ^aบรรณานุกรม
536    ^aสนับสนุนทุนโดย เครือข่ายพยาบาลเพื่อการควบคุมยาสูบแห่งประเทศไทย, สมาคมพยาบาลแห่งประเทศไทยในพระบรมราชูปถัมภ์สมเด็จพระศรีนครินทราบรมราชชนนี, สำนักงานกองทุนสนับสนุนการสร้างเสริมสุขภาพ
650  4 ^aการสูบบุหรี่^xการรักษา
650  4 ^aการเลิกสูบบุหรี่
650  4 ^aการติดบุหรี่^xการรักษา
650  4 ^aการแพทย์ทางเลือก
710 2  ^aเครือข่ายพยาบาลเพื่อการควบคุมยาสูบแห่งประเทศไทย
710 2  ^aมหาวิทยาลัยมหิดล. ^bคณะพยาบาลศาสตร์. ^bเครือข่ายพยาบาลเพื่อต้านบุหรี่และสารเสพติดแห่งประเทศไทย
710 2  ^aเครือข่ายพยาบาลเพื่อการควบคุมยาสูบแห่งประเทศไทย
710 2  ^aสมาคมพยาบาลแห่งประเทศไทย
710 2  ^aสำนักงานกองทุนสนับสนุนการสร้างเสริมสุขภาพ
945    ^p0^l0^i031667
995    ^aเกษร
999 ^a ใช้งานได้ทุกระบบ
รายการนี้ยังไม่มีแท็ก
คุณยังไม่ได้ล็อกอิน คุณสามารถมีกิจกรรมร่วมกับเว็บไซต์ได้ แต่ต้องล็อกอินก่อน ::
  ล็อกอิน

รายการสื่อสารสนเทศ

ลำดับที่ ประเภท เลขเรียก/บาร์โค้ด สถานที่ สถานะ
1. วิทยาศาสตร์การแพทย์ และสุขภาพ
หนังสือสำรอง
สถานะ=หนังสือสำรอง
WM290 ผ227ก ฉ.1 
  Barcode: 031667
ห้องสมุดวิทยาเขตสวรรค์ประชารักษ์
►ส่วนจัดเก็บหนังสือเก่า สปร
บนชั้น
  ขอยืม

รายการใกล้เคียง
    ผู้แต่ง [ผ่องศรี ศรีมรกต]

    หัวเรื่อง [การเลิกสูบบุหรี่]
    หัวเรื่อง [การแพทย์ทางเลือก]

BibComment


ยังไม่เคยถูกคอมเมนท์

คอมเมนท์ทรัพยากรรายการนี้
  คอมเมนท์: การบำบัดทางเลือก..


 Copyright 2026. Bcnsprnw @Library